| 000 | 00000nam 2200000zi 4500 |
| 001 | 9.936318 |
| 003 | CaOODSP |
| 005 | 20240404124044 |
| 006 | m o d f |
| 007 | cr |n||||||||| |
| 008 | 240404e19791212onc ob f000 0|eng d |
| 040 | |aCaOODSP|beng|erda|cCaOODSP |
| 041 | 0 |aeng|afre |
| 043 | |an-cn--- |
| 086 | 1 |aST51-54/1979-PDF |
| 245 | 00|aRecruitment and retention of Canadian research personnel = |bRecrutement et rétention du personnel de recherche canadien. |
| 246 | 11|aRecrutement et rétention du personnel de recherche canadien |
| 264 | 1|a[Ottawa] : |b[Ministry of State, Science and Technology], |c12 December 1979. |
| 300 | |a1 online resource (12 unnumbered pages) |
| 336 | |atext|btxt|2rdacontent |
| 337 | |acomputer|bc|2rdamedia |
| 338 | |aonline resource|bcr|2rdacarrier |
| 500 | |aDigitized edition from print [produced by Innovation, Science and Economic Development Canada]. |
| 500 | |a"A submission to the Minister of State for Science and Technology by the Canadian Association of Physicists, and the Canadian Federation of Biological Societies." |
| 504 | |aIncludes bibliographical references. |
| 546 | |aText in English and French. |
| 650 | 0|aFederal aid to research|zCanada. |
| 650 | 0|aScientists|xEmployment|zCanada. |
| 650 | 0|aEngineers|xEmployment|zCanada. |
| 650 | 0|aManpower policy|zCanada. |
| 710 | 1 |aCanada. |bMinistry of State, Science and Technology, |eissuing body. |
| 710 | 2 |aCanadian Association of Physicists, |eissuing body. |
| 710 | 2 |aCanadian Federation of Biological Societies, |eissuing body. |
| 792 | |tRecruitment and retention of Canadian research personnel = |efre|w(CaOODSP)9.936325 |
| 856 | 40|qPDF|s204 KB|uhttps://publications.gc.ca/collections/collection_2024/isde-ised/st51/ST51-54-1979.pdf |